عرض عادي
عرض مارك
- القانون الإقطاعي
دخول Topical Term
001 - CONTROL NUMBER
- control field: 19897
003 - CONTROL NUMBER IDENTIFIER
- control field: AE-AdECS
005 - DATE AND TIME OF LATEST TRANSACTION
- control field: 20250910094923.0
008 - FIXED-LENGTH DATA ELEMENTS
- fixed length control field: 250910|| aca||aabn | a|a d
040 ## - CATALOGING SOURCE
- Original cataloging agency: AE-AdECS
- Transcribing agency: AE-AdECS
150 ## - HEADING--TOPICAL TERM
- Topical term or geographic name entry element: القانون الإقطاعي
- Geographic subdivision: اليونان
670 ## - SOURCE DATA FOUND
- Source citation: Work cat.: (AE-AdECS)201994: توبنج، بيتر، مؤلف. 1538554, المؤسسات الإقطاعية في ضوء تشريعات و أعراف الإمبراطورية اللاتينية في القسطنطينية، المجموعة القانونية الإقطاعية للمناطق الصليبية في بيزنطة :
